Del feudo a la economía nacional : el ensanchamiento del ámbito económico en su proyección histórico / (Registro nro. 5430)
[ vista simple ]
| 000 -LÍDER | |
|---|---|
| campo de control de longitud fija | 01089nam a2200265Ia 4500 |
| 003 - IDENTIFICADOR DE NÚMERO DE CONTROL | |
| campo de control | OSt |
| 005 - FECHA Y HORA DE LA ÚLTIMA | |
| campo de control | 20250804182252.0 |
| 008 - ELEMENTOS DE DATOS DE LONGITUD FIJA - INFORMACIÓN GENERAL | |
| campo de control de longitud fija | 191128s9999 xx 000 0 und d |
| 040 ## - FUENTE DE CATALOGACIÓN | |
| Agencia de catalogación original | 36 |
| 082 ## - NÚMERO DE CLASIFICACIÓN DECIMAL DEWEY | |
| Número de clasificación | 330 .1 |
| 082 ## - NÚMERO DE CLASIFICACIÓN DECIMAL DEWEY | |
| Número de artículo | B252f |
| 100 ## - ENTRADA PRINCIPAL - NOMBRE PERSONAL | |
| Nombre personal | Beneyto, Juan, autor |
| 9 (RLIN) | 44246 |
| 245 #0 - DECLARACIÓN DEL TÍTULO | |
| Título | Del feudo a la economía nacional : el ensanchamiento del ámbito económico en su proyección histórico / |
| 245 #0 - DECLARACIÓN DEL TÍTULO | |
| Declaración de responsabilidad, etc. | Juan Benyto |
| 260 ## - PUBLICACIÓN, DISTRIBUCIÓN, ETC. | |
| Lugar de publicación, distribución, etc. | España |
| 260 ## - PUBLICACIÓN, DISTRIBUCIÓN, ETC. | |
| Nombre del editor, distribuidor, etc. | Aguilar, |
| 260 ## - PUBLICACIÓN, DISTRIBUCIÓN, ETC. | |
| Fecha de publicación, distribución, etc. | 1953 |
| 300 ## - DESCRIPCIÓN FÍSICA | |
| Medida | xii, 185 páginas |
| 300 ## - DESCRIPCIÓN FÍSICA | |
| Dimensiones | 18 cm |
| 500 ## - NOTA GENERAL | |
| Nota general | Bibliografía: páginas 169-185 Incluye datos biográficos del autor en la página xi |
| 505 ## - NOTA DE CONTENIDO FORMATEADO | |
| Nota de contenido formateada | El espacio en la historia -- La economía autárquica de la "villa" y del feudo -- La ciudad, nuevo protagonista -- La ruptura del ámbito urbano -- La economía regional : el reino -- El Estado moderno y la economía -- Metrópolis y colonias el esamblamiento |
| 546 ## - NOTA DE IDIOMA | |
| Nota de idioma | spa |
| 650 ## - ENTRADA AÑADIDA DE ASUNTO - TÉRMINO TEMÁTICO | |
| Fuente del encabezado o término | Economía política -- Teorías Economía política -- Historia Economía política -- Teorías-- |
| 9 (RLIN) | 44247 |
| 942 ## - ELEMENTOS DE ENTRADA AÑADIDOS (KOHA) | |
| Source of classification or shelving scheme | Dewey Decimal Classification |
| Tipo de artículo Koha | Books |
| 999 ## - | |
| -- | 5430 |
| -- | 5430 |
| Estado retirado |
|---|